Normal view
MARC view
Entry Personal Name
001 - CONTROL NUMBER
- control field: 860543
003 - CONTROL NUMBER IDENTIFIER
- control field: OSt
005 - DATE AND TIME OF LATEST TRANSACTION
- control field: 20251231104058.0
008 - FIXED-LENGTH DATA ELEMENTS
- fixed length control field: 251231|| aca||aabn | a|a d
040 ## - CATALOGING SOURCE
- Original cataloging agency: OSt
- Transcribing agency: OSt
100 ## - HEADING--PERSONAL NAME
- Personal name: प्रियंवदा, उषा
670 ## - SOURCE DATA FOUND
- Source citation: Work cat.: (OSt)1466649: प्रियंवदा, उषा , जिन्दगी और गुलाब के फूल , 2011
